000 00999nam a22002537a 4500
999 _c65806
_d65806
005 20240530110844.0
008 201004s2020 ua g 000 0 ara d
017 _a2019/16008
_bمصر. دار الكتب
020 _a9789779950235
040 _aEG-CaGPL
_cEG-CaGPL
082 0 4 _221
_a341.02/
_bم أ
100 0 _aمحمد سعادى
245 1 0 _aاثر التكنولوجيا المستحدثة على القانون الدولى العام /
_cمحمد سعادى
250 _aط.1
260 _aالقاهرة :
_bالمكتبة المصرية للنشر و التوزيع ،
_c2020.
300 _a384 ص. ؛
_c24 سم.
504 _aيشتمل على ارجاعات ببليوجرافية
650 0 7 _2qrmak
_aالقانون الدولى
650 0 7 _2qrmak
_aالقانون الدولى العام
651 _2qrmak
653 0 _aالقانون الدولى العام - تاثير التكنولوجيا
942 _2ddc
_cBK